Pays de l'Alliance du Nucléaire (UE) - Statistiques

Statistiques générales
  • Ce quiz a été pris 49 fois
  • Le résultat moyen est 12 sur 16
Statistiques - réponses
Pays % Correct
France
100%
Italie
85%
Finlande
82%
Royaume-Uni
79%
Suède
79%
Belgique
77%
Hongrie
77%
Pays-Bas
77%
Croatie
74%
Pologne
74%
Estonie
69%
Roumanie
69%
Slovaquie
67%
Slovénie
67%
Bulgarie
62%
République Tchèque
59%
Aucun quiz correspondant
Distribution des résultats
% des personnes avec chaque résultat
Percentile par nombre de réponses
Votre historique - résultats
Vous n’avez pas pris ce quiz